Accounting, auditing & accountability journal

Guardado en:
Detalles Bibliográficos
Formato: Seriadas
Lenguaje:inglés
Publicado: Bradford MCB University Press 1998
Materias:
Etiquetas: Agregar Etiqueta
Sin Etiquetas, Sea el primero en etiquetar este registro!

MARC

LEADER 00000nas2a2200000 4500
001 s122121
005 20231103122520.1
022 |a 0951-3574 
041 0 |a eng 
044 |a GB 
245 1 0 |a Accounting, auditing & accountability journal 
264 1 |a Bradford  |b MCB University Press  |c 1998 
300 |a 1 zv. 
773 0 |w eu_un_cat*s120064 
610 2 0 |a účtovníctvo 
610 2 0 |a audit